00438nam a22001577a 450000500170000000800410001704100080005808200170006610000230008310000200010624500830012626000230020930000180023265000140025065000160026420220128111621.0160112b xxu||||| |||| 00| 0 spa d aita a458.34 F349g aFerencich, Roberta aTorresan, Paolo aGiochi senza frontiere: attività ludiche per l` insengnamento dell` italiano aItaliabAlmac2005 a134 páginas aITALIANO  aENSEÑANZA